000 00575nam a2200193Ia 4500
005 20250508165702.0
008 008 250505s9999 xx 000 0 eng d
037 _aPeriodicals
040 _aFEDL
_beng
_cFEDL
041 _aeng
_2eng
084 _a540.2, LID/RR
_qFEDL
100 _aLide David R.
245 0 _aCRC Handbook of chemistry and physic : a ready- reference book of chemical and physical data
250 _a73rd
260 _aBoca Raton
_bCRC Press
_c1992
365 _aINR
_b3972
942 _cCR
_h540.2, LID/RR
999 _c1396735
_d1396735